| 000 | 00000nem 2200000zi 4500 |
| 001 | 9.941179 |
| 003 | CaOODSP |
| 005 | 20250606111546 |
| 006 | m o d f |
| 007 | cr cn |||||||| |
| 008 | 240726t20242024oncc cc a fo 0 fre d |
| 020 | |a9780660729596 |
| 034 | 1 |aa|b6000000|dE1410000|eE0500000|fN0900000|gN0417500 |
| 040 | |aCaOODSP|bfre|erda|cCaOODSP |
| 043 | |an-cn--- |
| 086 | 1 |aM45-157/2024F-PDF |
| 245 | 00|aRelief du Canada. |
| 255 | |aÉchelle : 1:6,000,000 ; |bProjection conique conforme de Lambert |c(E 141°00'--E 50°00'/N 90°00'--N 41°75'). |
| 264 | 1|a[Ottawa] : |bRessources naturelles Canada = Natural Resources Canada, |c2024. |
| 264 | 4|c©2024 |
| 300 | |a1 ressource en ligne (1 carte) : |bcouleur. |
| 336 | |aimage cartographique|bcri|2rdacontent/fre |
| 337 | |ainformatique|bc|2rdamedia/fre |
| 338 | |aressource en ligne|bcr|2rdacarrier/fre |
| 490 | 1 |aRessources naturelles Canada, produit d'information générale ; |v157f |
| 490 | 0 |aLa série de cartes de référence de l'Atlas du Canada = The Atlas of Canada reference map series ; |vCarte MCR 0101F |
| 500 | |aComprend le texte et une légende. |
| 500 | |aPublié aussi en anglais sous le titre : Relief of Canada. |
| 504 | |aComprend des références bibliographiques. |
| 520 | |a« Cette carte présente le relief du Canada et la bathymétrie des océans environnants. La carte a été conçue à l'aide de teintes hypsométriques et d'ombrages pour permettre la visualisation du relief et du plancher océanique. Le relief du Canada est très varié, allant de la chaîne Côtière et des montagnes Rocheuses à l'ouest aux grandes plaines de l'intérieur, en passant par les Appalaches à l'est et au nord jusqu'à la chaîne de montagnes la plus septentrionale du monde, les monts Challenger au Nunavut » -- Fourni par l'éditeur. |
| 530 | |aÉgalement publié en version imprimée. |
| 650 | 6|aCartes bathymétriques. |
| 651 | 6|aCanada|vModèles en relief. |
| 655 | 7|aCartes géographiques numériques|2rvmgf |
| 655 | 7|aCartes bathymétriques|2rvmgf |
| 710 | 1 |aCanada. |bRessources naturelles Canada, |eorganisme de publication. |
| 775 | 08|tRelief of Canada.|w(CaOODSP)9.941176 |
| 776 | 0#|tRelief du Canada.|w(CaOODSP)9.941185 |
| 830 | #0|aProduit d'information générale (Canada. Ressources naturelles Canada)|v157f.|w(CaOODSP)9.822756 |
| 856 | 40|qPDF|s121 Mo|uhttps://publications.gc.ca/collections/collection_2025/rncan-nrcan/M45-157-2024-fra.pdf |
| 856 | 40|qHTML|sS.O.|uhttps://doi.org/10.4095/pckxttdp5j |